| 000 | 00489nam a2200205Ia 4500 | ||
|---|---|---|---|
| 008 | 170918s9999 xx 000 0 und d | ||
| 020 | _a9780439183000 | ||
| 050 | _bB852 2001 | ||
| 100 | _aBridwell, Norman | ||
| 245 | _aClifford's valentines / | ||
| 245 | _cby Norman Bridwell. | ||
| 260 | _aNew York : | ||
| 260 | _bScholastic, | ||
| 260 | _c2001 | ||
| 300 | _aunpaged : | ||
| 300 | _bcolored illustration ; | ||
| 300 | _c22cm. | ||
| 440 | _vLevel 1 reader. | ||
| 500 | _aBR | ||
| 999 |
_c343209 _d343209 |
||